A history of world literature, (Record no. 63399)
[ view plain ]
| 000 -LEADER | |
|---|---|
| fixed length control field | 00799cam a22002411i 4500 |
| 001 - CONTROL NUMBER | |
| control field | sa 65003860 |
| 003 - CONTROL NUMBER IDENTIFIER | |
| control field | DLC |
| 005 - DATE AND TIME OF LATEST TRANSACTION | |
| control field | 20260227112126.0 |
| 008 - FIXED-LENGTH DATA ELEMENTS--GENERAL INFORMATION | |
| fixed length control field | 781108m19649999ii b 001 0 eng |
| 010 ## - LIBRARY OF CONGRESS CONTROL NUMBER | |
| LC control number | sa 65003860 |
| 035 ## - SYSTEM CONTROL NUMBER | |
| System control number | (OCoLC)4356009 |
| 040 ## - CATALOGING SOURCE | |
| Original cataloging agency | DLC |
| Transcribing agency | MH |
| Modifying agency | MH |
| -- | DLC |
| 042 ## - AUTHENTICATION CODE | |
| Authentication code | premarc |
| 050 00 - LIBRARY OF CONGRESS CALL NUMBER | |
| Classification number | PN523 |
| Item number | .K7 |
| 100 0# - MAIN ENTRY--PERSONAL NAME | |
| Personal name | Krishna Chaitanya, |
| Dates associated with a name | 1918- |
| 245 12 - TITLE STATEMENT | |
| Title | A history of world literature, |
| Statement of responsibility, etc. | by Krishna Chaitanya. |
| 260 ## - PUBLICATION, DISTRIBUTION, ETC. | |
| Place of publication, distribution, etc. | [Bombay, |
| Name of publisher, distributor, etc. | Orient Longmans, |
| Date of publication, distribution, etc. | 1964- |
| 300 ## - PHYSICAL DESCRIPTION | |
| Extent | v. |
| Dimensions | 22 cm. |
| 500 ## - GENERAL NOTE | |
| General note | Half-title; each vol. has special t. p. |
| 504 ## - BIBLIOGRAPHY, ETC. NOTE | |
| Bibliography, etc. note | Bibliography: v. 1, p. 140-143. |
| 505 0# - FORMATTED CONTENTS NOTE | |
| Formatted contents note | 1. Ancient Mesopotamian and ancient Egyptian literature.--2. Ancient Greek literature.--3. Ancient Roman literature. |
| 650 #0 - SUBJECT ADDED ENTRY--TOPICAL TERM | |
| Topical term or geographic name entry element | Literature |
| General subdivision | History and criticism. |
No items available.